00339pab a2200121 454500008004000000100002300040245008500063260000900148300001200157362001200169650001600181773002000197180718b2001 xxu||||| |||| 00| 0 eng d aAnderson, Benedict aWestern nationalism and Eastern nationalism: is there a difference that matters? c2001 ap.31-42 aMay-Jun aNationalism aNew Left Review